Normal view
MARC view
Entry Personal Name
001 - CONTROL NUMBER
- control field: 2841
003 - CONTROL NUMBER IDENTIFIER
- control field: BD-RjUL
005 - DATE AND TIME OF LATEST TRANSACTION
- control field: 20220509122111.0
008 - FIXED-LENGTH DATA ELEMENTS
- fixed length control field: 220509|| aca||aabn | a|a d
040 ## - CATALOGING SOURCE
- Original cataloging agency: BD-RjUL
- Transcribing agency: BD-RjUL
100 ## - HEADING--PERSONAL NAME
- Personal name: Arnold, Matthew,
- Dates associated with a name: 1822-1888
- General subdivision: Knowledge
- General subdivision: Literature
670 ## - SOURCE DATA FOUND
- Source citation: Work cat.: (BD-RjUL)79771: James, D. G. (David Gwilym), 1905-1968. 2840, Matthew Arnold and the decline of English romanticism /, 1961.